000 00441nam a22001457a 4500
999 _c2417
_d2417
008 200228b ||||| |||| 00| 0 eng d
082 0 0 _a532.54
_bB3655
100 _92009
_aBeacham, T. E.
245 1 0 _aPipe resistance for hydraulic lubricating and fuel oils and other non-aqueous liquids
_cby T. E. Beacham
250 _a1st ed.
260 _aLondon
_bE and F. N. SPON
_c1951
300 _a61 p.
650 0 _aPipe Fluid Dynamics
942 _cBK